| 000 | 00411 a2200133 4500 | ||
|---|---|---|---|
| 003 | Nust | ||
| 005 | 20170207171109.0 | ||
| 040 | _cNust | ||
| 082 | _a799 | ||
| 245 |
_aLec on Medical Emergency by Brig Ashfaq Ahmed Khan (AFIC) Photographs-2015 _cMCS |
||
| 260 |
_aRawalpindi _bMCS _c12-03-2015 |
||
| 650 | _aPictures of Lec on Medical Emergency by Brig Ashfaq Ahmed Khan (AFIC) Photographs-2015 | ||
| 651 | _aSweet Memories-MCS | ||
| 942 | _cBK | ||
| 999 |
_c216151 _d216151 |
||